Poznámky k vývoji HDP

Prehodnotenie celoročných ekonomických ukazovateľov ČR so zameraním na vývoj národného HDP v r.1993.

Gespeichert in:
Bibliographische Detailangaben
1. Verfasser: Kadera, V.
Format: Buchkapitel
Sprache:Tschechisch
Schlagworte:
Tags: Tag hinzufügen
Keine Tags, Fügen Sie das erste Tag hinzu!

MARC

LEADER 00000naa a2200000 4500
001 r014120
005 20221213082719.5
041 0 |a cze 
044 |a CZ 
245 1 0 |a Poznámky k vývoji HDP  |c V. Kadera 
520 |a Prehodnotenie celoročných ekonomických ukazovateľov ČR so zameraním na vývoj národného HDP v r.1993. 
610 2 0 |a produkt domáci hrubý 
610 2 0 |a Česko 
610 2 0 |a 1993 
610 2 0 |a ukazovatele ekonomické 
100 1 |a Kadera, V.